| 000 | 01564nam0a22003859 4500 | ||
|---|---|---|---|
| 001 | RU\NLR\b_ik\48372 | ||
| 005 | 20250616224355.0 | ||
| 010 | _a91-630-6283-6 | ||
| 035 | _a(NLR Aleph) 002122943 | ||
| 090 |
_a2027264 _c2027264 |
||
| 100 | _a19950127d1997 |||y0rusy50 ca | ||
| 101 | 0 | _arus | |
| 102 | _aRU | ||
| 105 | _aach ||||||||| | ||
| 200 | 1 |
_aA gnostic tragedy _eA study in Stanisława Przybyszewska's aesthetics a. works _fKazimiera Ingdahl |
|
| 210 |
_aStockholm _cAlmqvist & Wiksell intern. _d1997 |
||
| 215 |
_a214 c., [12] л. ил., портр., факс., цв. ил. _d23 |
||
| 225 | 1 |
_aActa Univ. Stockholmiensis _iStockholm Slavic studies _v26 |
|
| 320 | _aБиблиогр.: с. 201-210 | ||
| 541 | 0 | _aГностическая трагедия. Изучение эстетики и работ Станиславы Пшибышевской. | |
| 606 | 0 |
_aПшибышевская, Станислава, 1901-1935 _2nlr-sh1 |
|
| 686 | 0 |
_aШ5(4П)6-4Пшибышевская _2rubbk |
|
| 686 | 0 |
_aЮ8г(4П)6 _2rubbk |
|
| 700 | 1 |
_aIngdahl _bKazimiera _f1947 _4070 |
|
| 702 | 1 |
_7ca _8rus _aPrzybyszewska _bS. _f1901-1935 _gStanisława _9169038 _3RU\NLR\AUTH\770169088 |
|
| 801 | 0 |
_aRU _bNLR _c19950127 _gPSBO |
|
| 801 | 1 |
_aRU _bNLR _c20011023 |
|
| 852 |
_aNLR _jP22/2553 |
||
| 942 | _cBOOK | ||
| 980 | _aNB | ||